Statistics for Valencia scorers in Liga 2015-2016

Click here to take the quiz!

General Stats

  • This quiz has been taken 36 times
    (26 since last reset)
  • The average score is 7 of 11

Answer Stats

PlayerGoals% Correct
Daniel Parejo8
100%
Paco Alcacer13
80%
Rodrigo2
80%
Alvaro Negredo5
70%
Sofiane Feghouli1
70%
Shkodran Mustafi2
65%
Santi Mina4
60%
Joao Cancelo1
60%
André Gomes2
55%
Zakaria Bakkali1
35%
Denis Cheryshev3
30%

Score Distribution

Percentile by Number Answered

Percent of People with Each Score

Your Score History

You have not taken this quiz since the last reset